| 000 | 00932cam a2200265 a 4500 | ||
|---|---|---|---|
| 001 | sa 68015750 | ||
| 003 | DLC | ||
| 005 | 20260227112646.0 | ||
| 008 | 900214s1967 ii ac 000 0 sano | ||
| 010 | _asa 68015750 | ||
| 035 | _a(OCoLC)21063081 | ||
| 040 |
_aDLC _cDLC |
||
| 041 | 1 |
_ahin _asan _hsan |
|
| 050 | 0 | 0 |
_aPK2916 _b.V577 1967b |
| 100 | 0 | _aViśvanātha Kavirāja. | |
| 240 | 1 | 0 |
_aSāhityadarpana. _lHindi & Sanskrit |
| 245 | 1 | 0 |
_aSāhityadarpaṇaḥ / _cViśvanāthakavirājakr̥taḥ ; Śālagrāmaśāstrīviracitayā Vimalākhyayā Hindīvyākhyayā vibhūṣitaḥ. |
| 250 | _a3. saṃskaraṇa. | ||
| 260 |
_aDillī : _bMotīlāla Banārsīdāsa, _c1967. |
||
| 300 |
_a17, 14, 371, 14 p. : _bill. ; _c26 cm. |
||
| 546 | _aHindi and Sanskrit; introductory matter and notes in Hindi. | ||
| 650 | 0 |
_aSanskrit poetry _xHistory and criticism. |
|
| 650 | 0 | _aPoetics. | |
| 700 | 1 | 2 |
_aŚāstrī, Śālagrāma. _tVimala. |
| 999 |
_c86658 _d86658 |
||